000 00711nam a2200229 a 4500
999 _c4494
_d4494
001 4494
003 BD-JhCC
005 20171128184606.0
008 171127s2006 bg |||| ||a| 000 0 bg d
020 _a9844125499
035 _a(BD-JhCC) 4494
040 _aBD-JhCC
_dBD-JhCC
041 _aben
082 _a079.95492
_bMAM 2006
100 _aমামুন, মুনতাসীর
245 _aউনিশ শতকে বাংলাদেশের সংবাদ সাময়িকপত্র /
_c মুনতাসীর মামুন
260 _aঢাকা :
_bঅনন্যা ,
_c2006
300 _a384 p .:
_c22 cm .
650 _aNewspaper
942 _2ddc
_cBK